Hearthstone Legendary Quiz - Statistics

General Stats
  • This quiz has been taken 821 times
  • The average score is 12 of 36
Answer Stats
Mana cost Name % Correct
10 Deathwing
79%
9 Ysera
67%
2 Millhouse Manastorm
61%
2 Nat Pagle
56%
2 Lorewalker Cho
52%
8 Ragnaros The Firelord
52%
9 Malygos
49%
9 Nozdormu
48%
7 Archmage Antonidas
46%
9 Onyxia
45%
9 Cenarius
44%
8 Grommash Hellscream
44%
9 King Krush
44%
6 Sylvanas Windrunner
44%
9 Lord Jaraxxus
41%
8 Tirion Fordring
41%
7 Prophet Velen
38%
8 Al'Akir The Windlord
36%
4 Leeroy Jenkins
34%
9 Alexstrasza
33%
3 King Mukla
31%
3 Tinkmaster Overspark
31%
6 Hogger
27%
7 Baron Geddon
26%
8 Gruul
26%
6 The Beast
25%
6 The Black Knight
24%
5 Harrison Jones
23%
6 Illidan Stormrage
22%
5 Captain Greenskin
18%
4 Old Murk Eye
17%
5 Elite Tauren Chieftain
14%
2 Bloodmage Thanatos
2%
6 Cain Bloodhoof
2%
3 Ewin VanCleef
1%
6 Geblin Mekkatorque
1%
No matching quizzes found
Score Distribution
Percent of People with Each Score
Percentile by Number Answered
Your Score History
You have not taken this quiz